Statistics for Guess the thing 2

Click here to take the quiz!

General Stats

  • This quiz has been taken 18 times
  • The average score is 10 of 20

Answer Stats

Answer% Correct
Hat
88%
Pyramid
88%
Peanut
75%
Wagon
75%
Monkey
69%
Candy
63%
Glasses
63%
Lightning
63%
Car
56%
Kleenex
50%
Flag
44%
Salsa
44%
Bass
38%
Star Anise
38%
Peppercorn
31%
Pharoah
31%
Snow
25%
Gladiator
19%
Limade
6%
Plad
6%

Score Distribution

Percentile by Number Answered

Percent of People with Each Score

Your Score History

You have not taken this quiz